| 000 | 00377nam a22001337a 4500 | ||
|---|---|---|---|
| 008 | 230605b |||||||| |||| 00| 0 eng d | ||
| 040 |
_aNational Science Library _cNational Science Library |
||
| 080 | _a616-006.6 | ||
| 245 | _aScientific report 1998 | ||
| 260 |
_aPhiladelphia: _bFox chase cancer center, _c1998 |
||
| 300 | _ax, 396p. | ||
| 650 | _aReport | ||
| 942 |
_2udc _cREP |
||
| 999 |
_c39002 _d39002 |
||